Sociálna politika
Guardado en:
| Formato: | Seriadas |
|---|---|
| Lenguaje: | eslovaco |
| Publicado: |
Bratislava
Ministerstvo práce a sociálnych vecí Slovenskej socialistickej republiky
|
| Etiquetas: |
Sin Etiquetas, Sea el primero en etiquetar este registro!
|
MARC
| LEADER | 00000nas1a2200000$$$4500 | ||
|---|---|---|---|
| 001 | 0020634 | ||
| 005 | 20250730114822.2 | ||
| 041 | 0 | |a slo | |
| 044 | |a SK | ||
| 245 | 1 | 0 | |a Sociálna politika |
| 264 | 1 | |a Bratislava |b Ministerstvo práce a sociálnych vecí Slovenskej socialistickej republiky | |
| 500 | |a Do roku 1969 pod názvom: Sociálne zabezpečenie | ||